书目信息 |
| 题名: |
普通生物学同步辅导与习题集
|
|
| 作者: | 袁玲 主编 | |
| 分册: | ||
| 出版信息: | 西安 西北工业大学出版社 2016 |
|
| 页数: | 262页 | |
| 开本: | 26cm | |
| 丛书名: | ||
| 单 册: | ||
| 中图分类: | Q-42 | |
| 科图分类: | ||
| 主题词: | 生物学--高等教育--教学参考资料 | |
| 电子资源: | ||
| ISBN: | 978-7-5612-5121-8 | |
| 000 | 00833nam0 2200253 450 | |
| 001 | 012001001707 | |
| 005 | 20191122091117.68 | |
| 010 | @a978-7-5612-5121-8@dCNY43.80 | |
| 100 | @a20181129d2016 em y0chiy50 ea | |
| 101 | 0 | @achi |
| 102 | @aCN@b610000 | |
| 105 | @ay q 000yy | |
| 106 | @ar | |
| 200 | 1 | @a普通生物学同步辅导与习题集@Apu tong sheng wu xue tong bu fu dao yu xi ti ji@f袁玲主编 |
| 210 | @a西安@c西北工业大学出版社@d2016 | |
| 215 | @a262页@d26cm | |
| 300 | @a“十二五”普通高等教育国家级规划教材配套辅导 | |
| 300 | @a含生物考研真题 | |
| 330 | @a本书共分为十一章,每章由考点综述、名词术语、考研精粹、模考精练、习题详解五大部分组成。 | |
| 606 | 0 | @a生物学@x高等教育@j教学参考资料 |
| 690 | @aQ-42@v5 | |
| 701 | 0 | @a袁玲@Ayuan ling@4主编 |
| 801 | 0 | @aCN@b北京卓展@c20191020 |
| 905 | @b1198816-9@dQ-42@e100@f4 | |
| 普通生物学同步辅导与习题集/袁玲主编.-西安:西北工业大学出版社,2016 |
| 262页;26cm |
| “十二五”普通高等教育国家级规划教材配套辅导.-含生物考研真题 |
| ISBN 978-7-5612-5121-8:CNY43.80 |
| 本书共分为十一章,每章由考点综述、名词术语、考研精粹、模考精练、习题详解五大部分组成。 |
| ● |
| 相关链接 |
|
|
|
|
正题名:普通生物学同步辅导与习题集
索取号:Q-42/100
 
预约/预借
| 序号 | 登录号 | 条形码 | 馆藏地/架位号 | 状态 | 备注 |
| 1 | 1198816 | 211988161 | 第二样本阅览室/ [索取号:Q-42/100] | 在馆 | |
| 2 | 1198817 | 211988170 | 第三借阅区/ [索取号:Q-42/100] | 在馆 | |
| 3 | 1198818 | 211988189 | 第三借阅区/ [索取号:Q-42/100] | 在馆 | |
| 4 | 1198819 | 211988198 | 第三借阅区/ [索取号:Q-42/100] | 在馆 |